LEADER 02571nam 2200625 450 001 9910458002003321 005 20200520144314.0 010 $a0-7391-8796-1 035 $a(CKB)2550000001297179 035 $a(EBL)1687300 035 $a(SSID)ssj0001193990 035 $a(PQKBManifestationID)12523434 035 $a(PQKBTitleCode)TC0001193990 035 $a(PQKBWorkID)11148212 035 $a(PQKB)11624262 035 $a(MiAaPQ)EBC1687300 035 $a(Au-PeEL)EBL1687300 035 $a(CaPaEBR)ebr10870862 035 $a(CaONFJC)MIL608311 035 $a(OCoLC)879576049 035 $a(EXLCZ)992550000001297179 100 $a20140523h20142014 uy 0 101 0 $aeng 135 $aur|n|---||||| 181 $ctxt 182 $cc 183 $acr 200 10$aFinite transcendence $eexistential exile and the myth of home /$fSteven A. Burr 210 1$aLanham, Maryland :$cLexington Books,$d2014. 210 4$d©2014 215 $a1 online resource (212 p.) 300 $aDescription based upon print version of record. 311 $a0-7391-8795-3 311 $a1-306-77060-2 320 $aIncludes bibliographical references and index. 327 $aContents; Acknowledgments; Introduction; I: The Ontological Situation; 1 Finitude; 2 Existential Exile; II: Betwixt and Between; 3 Absurdity and Exile; 4 Revolt and [Re-]Union; III: Home; 5 Finitude and Faith, Exile and [Re-]Union; Bibliography; Index 330 $aFinite Transcendence: Existential Exile and the Myth of Home introduces and situates "existential exile" as an experience of the fundamental finitude of human existence and demonstrates how a particular way of responding in faith may enable one to find home in exile. Using the literary and philosophical oeuvre of Albert Camus as a model, this book demonstrates the manner in which mythic literature can both present and engage the condition of exile toward its possible transcendence. 606 $aExistentialism in literature 606 $aExiles in literature 606 $aHome in literature 606 $aExile (Punishment) in literature 608 $aElectronic books. 615 0$aExistentialism in literature. 615 0$aExiles in literature. 615 0$aHome in literature. 615 0$aExile (Punishment) in literature. 676 $a809/.93384 700 $aBurr$b Steven A.$f1975-$0990922 801 0$bMiAaPQ 801 1$bMiAaPQ 801 2$bMiAaPQ 906 $aBOOK 912 $a9910458002003321 996 $aFinite transcendence$92267327 997 $aUNINA LEADER 04617nam 2200673Ia 450 001 9910144564503321 005 20170810191528.0 010 $a1-282-31314-2 010 $a9786612313141 010 $a3-527-60982-2 010 $a3-527-62121-0 035 $a(CKB)1000000000377095 035 $a(EBL)481898 035 $a(OCoLC)508434719 035 $a(SSID)ssj0000335223 035 $a(PQKBManifestationID)11254849 035 $a(PQKBTitleCode)TC0000335223 035 $a(PQKBWorkID)10273932 035 $a(PQKB)10517690 035 $a(MiAaPQ)EBC481898 035 $a(EXLCZ)991000000000377095 100 $a20010420d2001 uy 0 101 0 $ager 135 $aur|n|---||||| 181 $ctxt 182 $cc 183 $acr 200 00$aBiological Monitoring$b[electronic resource] $eheutige und ku?nftige Mo?glichkeiten in der Arbeits- und Umweltmedizin /$fDeutsche Forschungsgemeinschaft ; herausgegeben von Ju?rgen Angerer ; redaktionelle Bearbeitung von Tobias Weiss 210 $aWeinheim $cWiley-VCH $cDFG$dc2001 215 $a1 online resource (220 p.) 225 1 $aRundgespra?che und Kolloquien 300 $aDescription based upon print version of record. 311 $a3-527-27410-3 320 $aIncludes bibliographical references. 327 $aBiological Monitoring Heutige und ku?nftige Mo?glichkeiten in der Arbeits- und Umweltmedizin; Inhalt; Vorwort; 1 Bedeutung des Biological Monitoring; 1.1 Entwicklung und Bedeutung des Biological Monitoring in der DFG und MAK-Kommission; 2 Innere Belastung und Ha?moglobin-Addukte; 2.1 Das Biological Monitoring in der Arbeits- und Umweltmedizin - derzeitiger Stand und ku?nftige Entwicklungen; 2.2 Metabolic Profiling - ein Weg zur besseren Beurteilung von Belastung und Beanspruchung durch organische Arbeitsstoffe; 2.3 Biological Monitoring of Arylamines and Nitroarenes; 3 DNA Adducts 327 $a3.1 Genetic Cancer Susceptibility and DNA Adducts: Studies in Smokers and Coke Oven Workers3.2 Nachweis von DNA-Addukten fu?r ein Biological Monitoring; 3.3 (32)P-Postlabelling HPLC-Analyse von DNA-Addukten im Brustgewebe; 3.4 Untersuchungen zum 8-Hydroxy-2 ?-Deoxyguanosin - ein Biomarker fu?r eine oxidative DNA-Scha?digung in-vivo?; 4 Suszeptibilita?t; 4.1 Verfeinerte Pha?notypisierungsmethoden und Effektmonitoring zur Erfassung des individuellen Risikos am Beispiel der GSTT1; 4.2 Genetische Polymorphismen von Sulfotransferasen als Suszeptibilita?tsparameter 327 $a4.3 Genotypisierung und Pha?notypisierung am Beispiel der NAT24.4 Neue High-Throughput-Technologie des diagnostischen Screenings von Suszeptibilita?tsfaktoren; 5 Zytogenetische Parameter; 5.1 Biological Monitoring mit zytogenetischen Methoden; 5.2 Anwendungsbeispiele einer Dreifarb-Chromosomen-Painting-Technik im zytogenetischen Biomonitoring; 5.3 Der Comet-Assay als Test im Biomonitoring; 6 Immunologie; 6.1 Immunglobuline als Marker chronischer Exposition gegenu?ber allergenen Arbeitsstoffen; 6.2 Immunologische Effekte polymorpher Schlu?sselenzyme; 7 Epidemiologie 327 $a7.1 Erfassung der Exposition in epidemiologischen Studien7.2 Mo?glichkeiten und Grenzen einer molekularen Epidemiologie von Arbeitsstoffen; 8 Zusammenfassung; 9 Adressen der Mitwirkenden am Rundgespra?ch 330 $aAuf Einladung der Deutschen Forschungsgemeinschaft (DFG) fand am 9. und 10. Ma?rz 2000 ein Rundgespra?ch u?ber heutige und ku?nftige Mo?glichkeiten des Biomonitoring in Arbeits- und Umweltmedizin statt. Das Biomonitoring hat nicht zuletzt durch die unmittelbare Umsetzung der Arbeitsergebnisse der Senatskommission zur Pru?fung gesundheitsscha?dlicher Arbeitsstoffe in geltendes Recht durch die deutsche Arbeitsschutzgesetzgebung in den letzten dreißig Jahren in Deutschland ein hohes Niveau erreicht. Das vorliegende Buch fu?hrt die Expertise verschiedener Fachdisziplinen von der Toxikologie, Arbei 410 0$aRundgespra?che und Kolloquien. 606 $aBiological monitoring$vCongresses 606 $aEnvironmental health$vCongresses 606 $aIndustrial toxicology$vCongresses 608 $aElectronic books. 615 0$aBiological monitoring 615 0$aEnvironmental health 615 0$aIndustrial toxicology 676 $a615.9 676 $a615.902 701 $aAngerer$b J$0862777 701 $aWeiss$b Tobias$0862778 712 02$aDeutsche Forschungsgemeinschaft. 801 0$bMiAaPQ 801 1$bMiAaPQ 801 2$bMiAaPQ 906 $aBOOK 912 $a9910144564503321 996 $aBiological Monitoring$91926044 997 $aUNINA